[Event "Castelldefels-C"]
[Site "Castelldefels"]
[Date "2001.??.??"]
[Round "6"]
[White "Madriga Bonals, Luis"]
[Black "Ocana Vilchez, Cosme"]
[Result "0-1"]
[WhiteElo "1780"]
[BlackElo "1810"]
[PlyCount "38"]
[EventDate "2001.05.??"]
[EventType "tourn"]
[EventRounds "9"]
[EventCountry "ESP"]
[SourceTitle "EXT 2002"]
[Source "ChessBase"]
[SourceDate "2001.11.25"]
[SourceVersion "1"]
[SourceVersionDate "2001.11.25"]
[SourceQuality "1"]

1. e4 d5 2. exd5 Qxd5 3. Nf3 e5 4. Nc3 Qa5 5. d4 e4 6. Qe2 f5 7. g3 Bb4 8. Bd2 Nf6 9. Bg2 Nc6 10. a3 Be6 11. Ng5 Nxd4 12. Qd1 Bc4 13. axb4 Qxa1 14. Qxa1 Nxc2+ 15. Kd1 Nxa1 16. f3 h6 17. Nh3 0-0-0 18. Bf1 Bxf1 19. Rxf1 e3 0-1

[Event "Castelldefels-C"]
[Site "Castelldefels"]
[Date "2001.??.??"]
[Round "2"]
[White "Mari Valerio, Joan Miguel"]
[Black "Ocana Vilchez, Cosme"]
[Result "1-0"]
[WhiteElo "1815"]
[BlackElo "1810"]
[PlyCount "77"]
[EventDate "2001.05.??"]
[EventType "tourn"]
[EventRounds "9"]
[EventCountry "ESP"]
[SourceTitle "EXT 2002"]
[Source "ChessBase"]
[SourceDate "2001.11.25"]
[SourceVersion "1"]
[SourceVersionDate "2001.11.25"]
[SourceQuality "1"]

1. d4 Nf6 2. c4 g6 3. Nc3 d5 4. cxd5 Nxd5 5. e4 Nxc3 6. bxc3 c5 7. Bb5+ Bd7 8. Bxd7+ Qxd7 9. Ne2 Bg7 10. 0-0 cxd4 11. cxd4 Nc6 12. Be3 Rd8 13. e5 0-0 14. f4 e6 15. Rc1 Nb4 16. Nc3 Rc8 17. Qb3 Nd5 18. Nxd5 Qxd5 19. Qxd5 exd5 20. Kf2 b5 21. Rc5 Rxc5 22. dxc5 Rc8 23. Rd1 a5 24. Rxd5 a4 25. Rd4 Bf8 26. Rd5 b4 27. Ke2 b3 28. axb3 axb3 29. Kd2 f5 30. Kc3 Rb8 31. Kb2 h5 32. Rd7 g5 33. c6 Ba3+ 34. Kb1 Re8 35. c7 Be7 36. Rxe7 Rxe7 37. c8Q+ Kf7 38. Qxf5+ Ke8 39. e6 1-0